000 003240000a22001450004500
060 _a100
082 _a589.204 524 9 GAR
100 _aGarrett, S D
245 _aBiology of root infecting fungi
260 _aCambridge University Press
260 _c1960
300 _aXI+292
650 _aFungi Biology
942 _cBK
999 _c351997
_d351997